| 000 | 01363nam a2200397 a 4500 | ||
|---|---|---|---|
| 001 | 41345 | ||
| 003 | Mx-PuUPA | ||
| 005 | 20251113114223.0 | ||
| 008 | 140415s2017 mx gr 000 f spa d | ||
| 020 | _a9786073149983 | ||
| 040 |
_aMx-PuUPA _bspa _cMx-PuUPA _dMx-PuUPA _erda |
||
| 041 | 1 |
_aspa _heng |
|
| 043 | _ae-uk-st | ||
| 100 | 1 |
_aFollett, Ken, _d1949- _97839 _eautor |
|
| 240 | 1 | 0 |
_aWhiteout. _lEspañol |
| 245 | 1 | 5 |
_aEn el blanco / _cKen Follet ; Rita da Costa, traducción |
| 250 |
_aPrimera edición en México / _benero |
||
| 264 | 1 |
_aCiudad de México : _bDebolsillo, _c2017 |
|
| 300 |
_a477 páginas ; _c19 cm |
||
| 336 |
_2rdacontent _atexto _btxt |
||
| 337 |
_2rdamedia _asin medio _bn |
||
| 338 |
_2rdacarrier _avolumen _bnc |
||
| 490 | 0 | _aBest Seller | |
| 650 | 7 |
_2armarc _aIndustria farmaceútica _vNovela |
|
| 650 | 7 |
_2armarc _aActivistas _xDerechos de los animales _vNovela |
|
| 650 | 7 |
_2armarc _aSeguridad social _xConsultores _vNovela |
|
| 650 | 7 |
_2armarc _aSustancias peligrosas _vNovela |
|
| 650 | 7 |
_2armarc _aExpolicías _vNovela |
|
| 651 | 4 |
_aEscocia _vNovela |
|
| 700 | 1 |
_aCosta, Rita da, _etraductor |
|
| 765 | 0 |
_aFollet, Ken _tWhiteout |
|
| 942 |
_2ddc _cLI _h823.914 _iF6518 |
||
| 999 |
_c41345 _d41345 |
||